Vilanos / (Record no. 31334)

MARC details
000 -LEADER
campo de control de longitud fija 00866nam a2200193 i 4500
001 - NÚMERO DE CONTROL
campo de control 31334
003 - IDENTIFICADOR DE NÚMERO DE CONTROL
campo de control ES-MaACL
005 - FECHA Y HORA DE LA ÚLTIMA TRANSACCIÓN
campo de control 20231227160937.0
007 - CAMPO FIJO DE DESCRIPCIÓN FÍSICA--INFORMACIÓN GENERAL
campo de control de longitud fija t|
008 - DATOS DE LONGITUD FIJA--INFORMACIÓN GENERAL
campo de control de longitud fija 030128s1905 sp |||| | spa d
080 ## - NÚMERO DE LA CLASIFICACIÓN DECIMAL UNIVERSAL
Número de la Clasificación Decimal Universal 821.134.2-34"19"
100 1# - ENTRADA PRINCIPAL--NOMBRE DE PERSONA
Nombre de persona Benavente, Jacinto,
Fechas asociadas al nombre 1866-1954
9 (RLIN) 27443
245 10 - MENCIÓN DEL TÍTULO
Título Vilanos /
Mención de responsabilidad, etc. Jacinto Benavente.
260 ## - PUBLICACIÓN, DISTRIBUCIÓN, ETC.
Lugar de publicación, distribución, etc. Madrid :
Nombre del editor, distribuidor, etc. [s.n.,
Fecha de publicación, distribución, etc. 1905] (
Fabricante Fortanet)
300 ## - DESCRIPCIÓN FÍSICA
Extensión 210 p. ;
Dimensiones 19 cm.
505 8# - NOTA DE CONTENIDO CON FORMATO
Nota de contenido con formato Contiene: La toma de la Bastilla. El cantor de la miseria. Ley de justicia. El paraíso prometido. El caballero de la muerte. Los clowns. La mula y el buey. Los Reyes Magos. Triunfo del amor. Cuento de carnaval. Elección de traje. El elefante blanco. El poema del circo. Leyes suntuarias. La venganza del compadre. Hija del alma. Los reditos. El pecado venial.
852 ## - LOCALIZACIÓN
Ubicación ES-MaACL
Número de control de estantería F-9769
Holdings
Estatus retirado Estado de pérdida Estado de daño No para préstamo Biblioteca de origen Biblioteca actual Ubicación en estantería Fecha de adquisición Fuente de adquisición Total de préstamos Signatura topográfica completa Código de barras Visto por última vez Precio de reemplazo Tipo de ítem Koha
        Biblioteca del Ateneo de Madrid Biblioteca del Ateneo de Madrid Sala Pecera Planta 2 17/01/2008     F-9769 1032381 23/02/2023 23/02/2023 Libro impreso